000 02604cam a2200349 i 4500
001 21927333
003 EG-ScBUE
005 20230907111807.0
008 210305r20222021nyua f b 001 0 eng d
020 _a9781501358661
040 _aDLC
_beng
_erda
_cDLC
_dDLC
_dBUEsh
082 0 4 _a808.23
_222
_bBEA
100 1 _aBeaumont, Laura,
_d1956-
_eauthor.
245 1 0 _aWriting for animation /
_cby Laura Beaumont, Paul Larson.
250 _aReprinted edition.
264 1 _aNew York :
_bBloosmbury Academic,
_c2022.
300 _axiii, 229 pages :
_billustrations ;
_c23 cm
336 _atext
_btxt
_2rdacontent
337 _aunmediated
_bn
_2rdamedia
338 _avolume
_bnc
_2rdacarrier
504 _aIncludes bibliographical references and index.
520 _a"Animation is one of the fastest growing mediums in the film and television world - whether it's Frozen or Paw Patrol, Family Guy or Rick and Morty. This book is the definitive guide to storytelling for writers, directors, storyboard artists and animators. Suitable for both the student and the professional, it provides indispensable knowledge on the entire process of writing for animated movies, TV series and short films. The reader will be provided with all the tools necessary to produce professional quality scripts that will start, or further, their career in animation. Beginning with the fundamentals of 'why animation?' this book will lead the reader through a series of principles that will raise the level of their storytelling. Many people are trying to break into the world of writing for animation and a lot of the people who are 'already in' would like to get more work. The reality is that writing for animation is a very specific craft that can be learnt like any other craft. This book will give the reader both the basic and advanced techniques that will put them ahead of the rest of the field. These principles are tried and tested on a daily basis by the authors, who have over three hundred screen credits to their name, including six animated features"--
_cProvided by publisher.
650 7 _aAnimated films
_xAuthorship.
_2BUEsh
650 7 _aAnimated television programs
_xAuthorship.
_2BUEsh
653 _bART
_2IA
655 _vReading book
700 1 _aLarson, Paul,
_c(Screenwriter),
_eauthor.
776 0 8 _iOnline version:
_aBeaumont, Laura,
_tWriting for animation
_dNew York : Bloosmbury Academic, 2021.
_z9781501358654
_w(DLC) 2021006786
906 _a7
_bcbc
_corignew
_d1
_eecip
_f20
_gy-gencatlg
942 _2ddc
_cBB
999 _c30553
_d30524